| Tag |
First Indicator |
Second Indicator |
Subfields |
| LEADER |
00000cam a2200000 4500 |
| 001 |
in00000061690 |
| 005 |
20151008050601.0 |
| 008 |
770628s1948 dcu b 00000 eng |
| 010 |
|
|
|a 48007056
|
| 035 |
|
|
|a (OCoLC)03080377
|
| 035 |
|
|
|9 AAG1947AM
|
| 040 |
|
|
|a DLC
|c OCP
|d TXA
|d UtOrBLW
|
| 049 |
|
|
|a TXAM
|c [156319]
|
| 050 |
|
0 |
|a JK1661
|b .C67
|
| 082 |
0 |
|
|a 336.12
|
| 092 |
|
|
|a 336.12
|b C771m
|
| 100 |
1 |
|
|a Cook, James Allan.
|
| 245 |
1 |
4 |
|a The marketing of surplus war property.
|
| 264 |
|
1 |
|a Washington :
|b Public Affairs Press,
|c [1948]
|
| 300 |
|
|
|a ix, 211 pages ;
|c 24 cm.
|
| 336 |
|
|
|a text
|b txt
|2 rdacontent
|
| 337 |
|
|
|a unmediated
|b n
|2 rdamedia
|
| 338 |
|
|
|a volume
|b nc
|2 rdacarrier
|
| 504 |
|
|
|a "References": pages 199-208.
|
| 650 |
|
0 |
|a Government property
|z United States.
|
| 999 |
|
|
|a MARS
|
| 999 |
f |
f |
|s 6af3192a-4897-3ee6-b422-93cfe10cbeb7
|i 376b0532-4cbc-340e-bf23-d28ba534066d
|t 0
|
| 952 |
f |
f |
|p ric
|a Texas A&M University
|b Rellis Campus
|c Joint Library Facility
|d Remote Storage
|t 0
|e JK1661 .C67
|h Library of Congress classification
|i unmediated -- volume
|m A14800747900
|
| 998 |
f |
f |
|a JK1661 .C67
|t 0
|l Remote Storage
|